<?xml version="1.0" encoding="UTF-8"?>
<record
    xmlns:xsi="http://www.w3.org/2001/XMLSchema-instance"
    xsi:schemaLocation="http://www.loc.gov/MARC21/slim http://www.loc.gov/standards/marcxml/schema/MARC21slim.xsd"
    xmlns="http://www.loc.gov/MARC21/slim">

  <leader>00859cam a22002291  4500</leader>
  <controlfield tag="001">he 68003657 </controlfield>
  <controlfield tag="003">DLC</controlfield>
  <controlfield tag="005">20260227111506.0</controlfield>
  <controlfield tag="008">850117s1967    is            000 0 heb  </controlfield>
  <datafield tag="010" ind1=" " ind2=" ">
    <subfield code="a">he 68003657 </subfield>
  </datafield>
  <datafield tag="035" ind1=" " ind2=" ">
    <subfield code="a">(OCoLC)19207319</subfield>
  </datafield>
  <datafield tag="040" ind1=" " ind2=" ">
    <subfield code="a">DLC</subfield>
    <subfield code="c">MH</subfield>
    <subfield code="d">CU</subfield>
    <subfield code="d">DLC</subfield>
  </datafield>
  <datafield tag="042" ind1=" " ind2=" ">
    <subfield code="a">premarc</subfield>
  </datafield>
  <datafield tag="050" ind1="0" ind2="0">
    <subfield code="a">BM504.2</subfield>
    <subfield code="b">.O7</subfield>
  </datafield>
  <datafield tag="245" ind1="0" ind2="0">
    <subfield code="a">&#x1E32;un&#x1E6D;res Ohel Avraham :</subfield>
    <subfield code="b">le-zekher...Avraham ha-Le&#x1E7F;i Lev&#x1E33;ovits le-yom ha-shanah ha-rishon li-fe&#x1E6D;irato : olel &#x1E25;idushim...be-sugyot ha-Shas u-mefarsha&#x1E7F; me-&#x2BC;ito u-me&#x2BC;et yedida&#x1E7F;...&#x1E7F;e-divre hesped... /</subfield>
    <subfield code="c">[ne&#x2BB;erakh &#x2BB;al yede Mosheh Da&#x1E7F;id Orli&#x1E33;]</subfield>
  </datafield>
  <datafield tag="260" ind1=" " ind2=" ">
    <subfield code="a">Bene Berak :</subfield>
    <subfield code="b">Talmud Torah R. Akiva,</subfield>
    <subfield code="c">727 [1967]</subfield>
  </datafield>
  <datafield tag="300" ind1=" " ind2=" ">
    <subfield code="a">62 p. ;</subfield>
    <subfield code="c">24 cm.</subfield>
  </datafield>
  <datafield tag="600" ind1="1" ind2="0">
    <subfield code="a">Levkovits, Avraham,</subfield>
    <subfield code="d">1918-1965.</subfield>
  </datafield>
  <datafield tag="630" ind1="0" ind2="0">
    <subfield code="a">Talmud</subfield>
    <subfield code="x">Commentaries.</subfield>
  </datafield>
  <datafield tag="700" ind1="1" ind2=" ">
    <subfield code="a">Orlik, Moshe David,</subfield>
    <subfield code="d">1948-</subfield>
  </datafield>
  <datafield tag="740" ind1="0" ind2=" ">
    <subfield code="a">Ohel Avraham.</subfield>
  </datafield>
  <datafield tag="999" ind1=" " ind2=" ">
    <subfield code="c">33945</subfield>
    <subfield code="d">33945</subfield>
  </datafield>
</record>
